| 000 | 00926nam a2200253 i 4500 | ||
|---|---|---|---|
| 001 | 52097 | ||
| 003 | ES-MaACL | ||
| 005 | 20250825112756.0 | ||
| 007 | t| | ||
| 008 | 030825s1969 sp ||||1| spa d | ||
| 017 |
_aB 37984-1969 _bOficina Depósito Legal Barcelona |
||
| 040 | _cES-MaACL | ||
| 100 | 1 |
_aChomsky, Noam, _d1928- _938607 _eaut |
|
| 245 | 1 | 3 |
_aLa responsabilidad de los intelectuales y otros ensayos históricos y políticos : _b(los nuevos mandarines) / _cNoam Chomsky ; traducción de Juan Ramón Capella. |
| 260 |
_aBarcelona : _bAriel, _c[1969] |
||
| 300 |
_a368 páginas ; _c18 cm. |
||
| 650 | 4 |
_913848 _aIntelectuales |
|
| 655 | 0 |
_aEnsayos _9176636 |
|
| 700 | 1 |
_aCapella, Juan-Ramón _934819 _etrl |
|
| 852 |
_aES-MaACL _jC-40427 _bR.71905 _954071 _cDEPO2 _xEncuadernación rústica |
||
| 942 |
_cMONOGRAFIA _n0 |
||
| 999 |
_c52097 _d52097 |
||